000 01048nam a2200325Ia 4500
001 Z_5197
003 CHAP
008 220113s2004 xx 000 0 und d
010 _a168258
040 _cCHAP
090 _aTesis C 1832
100 _aCiau Ku, Edgar Raúl
_923022
245 _aRebrote de alfalfa (medicago sativa L.) - ovillo (Dactylis glomerata L.) bajo pastoreo mixto y monoespecifico por becerras y borregas /
_cpor Edgar Raúl Ciau Ku y Eden Méndez López
260 _aChapingo, Méx. :
_bEl autor,
_c2004
300 _a53 h.
502 _aTesis (Ing. Agr. Esp. en Zootecnia) -- UACH. Departamento de Zootecnia
650 _aAlfalfa
650 _aAlfalfa
_xRendimiento
_93887
650 _aAlimentos y alimentación del ganado
_94326
650 _aGanado lanar
_xPastoreo
_945209
650 _aGanado vacuno
_xPastoreo
_945502
650 _aPastoreo
_985984
700 _aMéndez López, Eden
_976525
901 _aTESIS C 1832
902 _aM
910 _a2004
942 _c2
942 _c2
999 _c168258
_d168258